| 000 | 00707nam a22002297a 4500 | ||
|---|---|---|---|
| 005 | 20170124110106.0 | ||
| 010 | _aB-208280 | ||
| 020 | _c00.00 | ||
| 035 | _aB-208280 | ||
| 037 | _bCen Lib/Ret | ||
| 040 |
_aDPL _bEN |
||
| 082 |
_a954.0842 _bGOD |
||
| 100 |
_aGodbole, Madhav _9105237 |
||
| 245 |
_aThe holocaust of Indian partition : _cby Madhav Godbole _ban inquest / |
||
| 260 |
_aNew Delhi _bRupa & Co. _c2006 |
||
| 270 |
_a7/16, Ansari Road Darya Ganj _bNew Delhi _e110002 |
||
| 300 |
_ax, 658p. _c23cm(Hb) |
||
| 500 | _aIncludes bibliographical reference and index | ||
| 650 |
_aPoltical Science _912386 |
||
| 650 |
_aCommunalism _9105238 |
||
| 942 |
_2ddc _cEN _h954.0842 _mGOD |
||
| 999 |
_c130045 _d130045 |
||